Life cycle cost planning: a guide to life cycle costing and financial appraisal of local authority property and new construction ... (Record no. 87297)

MARC details
000 -LEADER
fixed length control field 00589cam a2200181 4500
001 - CONTROL NUMBER
control field D8836
008 - FIXED-LENGTH DATA ELEMENTS--GENERAL INFORMATION
fixed length control field 090401t1984 xxu||||| |||| 00| 0 eng d
035 ## - SYSTEM CONTROL NUMBER
System control number (Sirsi) u15680
041 ## - LANGUAGE CODE
Language code of text/sound track or separate title eng
050 ## - LIBRARY OF CONGRESS CALL NUMBER
Classification number 658.202
110 ## - MAIN ENTRY--CORPORATE NAME
Corporate name or jurisdiction name as entry element Society of Chief Quantity Surveyors in Local Government
9 (RLIN) 3033
245 ## - TITLE STATEMENT
Title Life cycle cost planning: a guide to life cycle costing and financial appraisal of local authority property and new construction ...
260 ## - PUBLICATION, DISTRIBUTION, ETC.
Place of publication, distribution, etc. London
Name of publisher, distributor, etc. Society of Chief Quantity Surveyors in L
Date of publication, distribution, etc. 1984
300 ## - PHYSICAL DESCRIPTION
Extent 89p. 30cm
350 ## - PRICE (NR) (BK AM CF MU VM SE) [OBSOLETE]
Price 10
942 ## - ADDED ENTRY ELEMENTS (KOHA)
Suppress in OPAC 0
948 ## - LOCAL PROCESSING INFORMATION (OCLC); SERIES PART DESIGNATOR (RLIN)
c (OCLC) 04/03/1997
Holdings
Withdrawn status Lost status Source of classification or shelving scheme Damaged status Not for loan Home library Current library Shelving location Date acquired Cost, normal purchase price Total Checkouts Full call number Barcode Date last seen Date last checked out Copy number Cost, replacement price Price effective from Koha item type
    Dewey Decimal Classification     London London Folio 14/09/1999 10.00 1 BASEMENT 30024026 06/08/2019 08/12/2004 1 10.00 06/08/2019 Book
    Dewey Decimal Classification     London London Basement 14/09/1999 10.00 2 BASEMENT 30017403 06/08/2019 09/08/2007 2 10.00 06/08/2019 Book